000 00550nam a22002057a 4500
999 _c161057
_d161057
003 OSt
020 _a9788171641345
082 _a630.3
_bIND/HA
245 _aHandbook of agricultural engineering
260 _aNew Delhi
_b Indian Council of Agricultural Research
_c2013
300 _a808p.
546 _aEnglish
650 _aFarm machinery and power
650 _aSolar engineering
650 _aSoil and water engineering
650 _aEnergy in agriuclture
650 _aAgro Process Engineering
700 _aICAR
942 _2ddc
_cBK